000 01015nam a2200277 i 4500
001 000029428
003 DO-SdBNP
005 20250318152617.0
007 ta
008 110415s1941 dr r 000 | spa d
040 _aDO-SdBNP
_bspa
_cBNPHU
_erda
082 _a923.9
_bC719T
_222
100 1 _aTroncoso, Jesús María
_d1923-
_eautor
_956303
245 1 3 _aEl hallazgo de los restos de Colón :
_brelato de un testigo presencial /
_cJesús María Troncoso.
264 _aCiudad Trujillo, República Dominicana :
_bImprenta Montalvo,
_c1941.
300 _a19 páginas ;
_c20 cm.
336 _ardacontent
_btexto
_2txt
337 _ardamedia
_bsin mediación
_2n
338 _brdacarrier
_0volumen
_2nc
500 _aIncluye notas al pie de páginas.
590 _aInventariado, 2018/ YL
600 0 _aCOLÓN, CRISTOBAL,
_d1436-1456
_919795
651 4 _aAmérica --
_xDescubrimiento y exploración --
_xEspañoles
_9544
_vEnsayo, conferencias, etc.
910 _aValidado. Control de calidad MFF
942 _2ddc
_cLBS1
999 _c28920
_d28920